Countries Containing The Letter: F - Statistics

General Stats
  • This quiz has been taken 14 times
  • The average score is 7 of 9
Answer Stats
Answer % Correct
Fiji
100%
Finland
92%
France
92%
South Africa
83%
Afghanistan
75%
Central African Republic
67%
Burkina Faso
58%
Democratic Republic of the Congo
58%
Republic of the Congo
58%
No matching quizzes found
Score Distribution
Percent of People with Each Score
Percentile by Number Answered
Your Score History
You have not taken this quiz